| 000 | 00796nam a2200193 i 4500 | ||
|---|---|---|---|
| 001 | 53824 | ||
| 003 | ES-MaACL | ||
| 005 | 20250809095017.0 | ||
| 007 | t| | ||
| 008 | 940301m18301831sp |||| | spa d | ||
| 100 | 1 |
_aFernández de Moratín, Leandro, _d1760-1828 _949695 |
|
| 245 | 1 | 0 |
_aObras de D. Leandro Fernández de Moratín / _cdadas a luz por la Real Academia de la Historia. |
| 260 |
_aMadrid : _b[s.n.], _c1830-1831 ( _fPor Aguado, Imp. de cámara de S.M. y de su Real Casa) |
||
| 300 |
_a6 v. ; _c23 cm. |
||
| 505 | 8 |
_aContiene: I-II ; _tOrígenes del teatro español - III-IV ; _tComedias originales - V ; _tTraducciones dramáticas - VI ; _tObras sueltas |
|
| 710 | 2 |
_aReal Academia de la Historia (España) _96309 |
|
| 852 |
_aES-MaACL _jB-1544-49 |
||
| 999 |
_c53824 _d53824 |
||